000 00778nam a2200289Ia 4500
005 20260324132501.0
008 008 260324s9999 xx 000 0 eng d
020 _a9781410610355
037 _aEBOOK
040 _aCRL
040 _beng
040 _cCRL
041 _2eng
041 _aeng
084 _qCRL
100 _aNadine M. Lambert; Ingrid Hylander; Jonathan H. Sandoval
_91189459
245 0 _aConsultee-Centered Consultation
245 0 _bImproving the Quality of Professional Services in Schools and Community Organizations
260 _bTaylor and Francis
260 _c2004
365 _a
365 _b255
856 _uhttp://www.taylorfrancis.com/books/9781410610355
942 _cEBOOK
999 _c1787612
_d1787612